Slovensko-nemecký frazeologický slovník. /

Guardado en:
Detalles Bibliográficos
Autores principales: Čierna, Mária (Autor), Juríková, Marta (Autor), Ondrčková, Eva (Autor)
Formato: Libro
Lenguaje:lenguas múltiples
Publicado: Bratislava : Slovenské pedagogické nakladateľstvo, 1995
Etiquetas: Agregar Etiqueta
Sin Etiquetas, Sea el primero en etiquetar este registro!

MARC

LEADER 00000nam a22000003a 4500
001 stu29750
005 20150617225737.5
008 950922s1995----xo------------------mul-d
020 |a 80-08-00309-X 
040 |a STU  |b slo 
041 0 |a mul 
044 |a xo 
080 |a 801.323.2=854=30 
100 1 |a Čierna, Mária  |4 aut 
245 1 |a Slovensko-nemecký frazeologický slovník. /  |c [aut]Čierna,M.;Juríková,M.;Ondrčková,E 
260 |a Bratislava :  |b Slovenské pedagogické nakladateľstvo,  |c 1995 
300 |a 532 s 
700 1 |a Juríková, Marta  |4 aut 
700 1 |a Ondrčková, Eva  |4 aut 
996 |b 284V008052  |c V*44364/O-19321  |l VVS  |s A  |a 24  |w stu29750_0002 
996 |b 284V008051  |c V*44365/O-19321a  |l VVS  |s A  |a 24  |w stu29750_0003 
996 |b 284V008050  |c V*44366/O-19321b  |l VVS  |s A  |a 24  |w stu29750_0004 
996 |c V*44066/O-19206  |l VV9  |s P  |a 0  |w stu29750_0005